000 00764nam a22001817a 4500
001 10089
003 FISKH
005 20260407114351.0
008 260407b cb ||||| |||| 00| 0 eng d
040 _aFISKH
_bchi
_cFISKH
_dFISKH
082 _a495.1
100 _a(孙蓓)
245 _a春天到 /
_cBy 孙蓓
300 _a20 pages :
_bcolor illustrations ;
_c21 cm .
520 _a《春天到》是一本面向小学二年级学生的汉语分级读物。故事通过生动的画面和简单的语言,描绘了春天来临时大自然的变化,如花开、树绿、小动物活动等。 本书帮助学生认识与春天相关的词汇和句子,提高阅读能力,同时感受春天的美丽与生机。
942 _2ddc
_cBOOK
_n0
999 _c10089
_d10089